Catálogo

Democracia y medios de comunicación : (Registro nro. 61496)

Detalles MARC
000 -LEADER
fixed length control field 00896nam a2200253 u 4500
001 - CONTROL NUMBER
control field 61496
005 - DATE AND TIME OF LATEST TRANSACTION
control field 20180714063139.0
008 - FIXED-LENGTH DATA ELEMENTS--GENERAL INFORMATION
fixed length control field 141006s2009 ag r 000 0 spa d
020 ## - INTERNATIONAL STANDARD BOOK NUMBER
International Standard Book Number 978-950-895-312-4
082 0# - DEWEY DECIMAL CLASSIFICATION NUMBER
Classification number 302.23
Item number SOR
100 1# - MAIN ENTRY--PERSONAL NAME
Personal name Sorj, Bernardo,
Relator term autor
245 10 - TITLE STATEMENT
Title Democracia y medios de comunicación :
Remainder of title mas allá del estado y el mercado.
250 ## - EDITION STATEMENT
Edition statement Primera edición
264 #1 - PRODUCTION, PUBLICATION, DISTRIBUTION, MANUFACTURE, AND COPYRIGHT NOTICE
Place of production, publication, distribution, manufacture Argentina :
Name of producer, publisher, distributor, manufacturer Konrad Adenauer Stiftung ;
Date of production, publication, distribution, manufacture, or copyright notice 2012
300 ## - PHYSICAL DESCRIPTION
Extent 334 páginas :
Other physical details 21 cm.
336 ## - CONTENT TYPE
Content type term texto
Source rdacontent
337 ## - MEDIA TYPE
Media type term sin mediación,
Source rdamedia
338 ## - CARRIER TYPE
Carrier type term volumen
Source rdacarrier
490 0# - SERIES STATEMENT
Series statement El estado de la democracia
650 #4 - SUBJECT ADDED ENTRY--TOPICAL TERM
Topical term or geographic name entry element Medios de comunicación de masas
Geographic subdivision America Latina
650 #4 - SUBJECT ADDED ENTRY--TOPICAL TERM
Topical term or geographic name entry element Política y medios de comunicación de masas
Geographic subdivision América Latina
700 1# - ADDED ENTRY--PERSONAL NAME
Personal name Aldrovandi, Jorge,
Relator term traductor
700 1# - ADDED ENTRY--PERSONAL NAME
Personal name Christophe, Micheline,
Relator term traductor
Existencias
Withdrawn status Lost status Source of classification or shelving scheme Damaged status Not for loan Collection code Home library Current library Shelving location Date acquired Source of acquisition Inventory number Total Checkouts Full call number Barcode Date last seen Date last checked out Price effective from Koha item type
    Dewey Decimal Classification     General Biblioteca Karol Wojtyla Biblioteca Karol Wojtyla Sala general 06/10/2014 Compra 151000000000000000057601   302.23 SOR 2012 92420 05/01/2026 24/08/2016 06/10/2014 Libro